000
00307nam a2200121Ia 4500
008
180117s9999 xx 000 0 und d
100
_a
by Zac Sarian
245
_a
Agri- Talk
260
_c
2017
300
_a
25 pages, 2017 January 22
440
_a
Philippine Panorama
650
_a
BETTER THAN FRENCH FRIES
999
_c
353639
_d
353639